|
|
|
|
| LEADER |
00988nam a2200229 a 4500 |
| 001 |
c000180898 |
| 003 |
CARM |
| 005 |
20050131181216.0 |
| 008 |
810820m19749999at b s000 0 eng d |
| 019 |
1 |
|
|a 2585766
|5 LACONCORD2021
|
| 035 |
|
|
|a (OCoLC)220384943
|5 LACONCORD2021
|
| 040 |
|
|
|a VCAV
|b eng
|c VCAV
|d XNLS
|
| 042 |
|
|
|a anuc
|
| 082 |
0 |
4 |
|a 011.37
|2 19
|
| 245 |
0 |
0 |
|a Film library catalogue :
|b Audio-Visual Education Centre, Education Department of Victoria, Special Services Division.
|
| 260 |
|
|
|a Carlton, Vic. :
|b Audio-Visual Education Centre,Education Department of Victoria, Special Services Division,
|c 1974-.
|
| 300 |
|
|
|a 1 v. (loose-leaf) ;
|c 31cm.
|
| 650 |
|
0 |
|a Motion pictures
|x Catalogs.
|
| 710 |
1 |
|
|a Victoria.
|b Audio-Visual Education Centre.
|
| 852 |
8 |
|
|b CARM
|h A1:AR34D0
|i E01653
|p 0247895
|f BK
|
| 999 |
f |
f |
|i c49e835d-7788-50ea-823a-95e0bed6cb80
|s ab0d4239-6b02-5219-9d75-863d6da36ce3
|
| 952 |
f |
f |
|p Can circulate
|a CAVAL
|b CAVAL
|c CAVAL
|d CARM 1 Store
|e E01653
|f A1:AR34D0
|h Other scheme
|i book
|m 0247895
|